|
|
|
|
| LEADER |
00000cam a2200000 a 4500 |
| 001 |
vtls009490358 |
| 003 |
SK-MaSNL |
| 005 |
20260301024722.0 |
| 008 |
240313s2008 xo l f ap 000 0 slo |
| 015 |
|
|
|a SNBA2009/05-02336
|
| 020 |
|
|
|a 9788022819664
|q (brož.)
|
| 035 |
|
|
|a 9436272F-7642-4B4B-8366-DB10517FB7E6
|
| 035 |
|
|
|a urn:nbn:sk:snk-amk25v
|
| 035 |
|
|
|a urn:nbn:sk:snk-am0086oa
|
| 040 |
|
|
|a SNK
|b slo
|c SNK
|e AACR2
|
| 041 |
0 |
|
|a slo
|
| 044 |
|
|
|a xo
|c SK
|
| 072 |
|
7 |
|a 621
|x Strojárstvo
|2 konspekt
|
| 080 |
|
|
|a 621.22
|2 2001
|
| 080 |
|
|
|a 629.3.026.12.064.3
|2 2001
|
| 080 |
|
|
|a (072)
|2 2001
|
| 100 |
1 |
|
|a Mikleš, Milan,
|d 1946-
|4 aut
|9 85592
|
| 245 |
1 |
0 |
|a Pracovné mobilné stroje - hydraulické pohony
|c Milan Mikleš, Ján Holík
|
| 250 |
|
|
|a 1. vyd.
|
| 260 |
|
|
|a Zvolen
|b Technická univerzita
|c 2008
|
| 300 |
|
|
|a 54 s.
|b sch.
|c 25 cm
|
| 366 |
|
|
|e 60 výt.
|
| 504 |
|
|
|a Bibliogr. s. 51-52
|
| 521 |
|
|
|a Účelová publ.
|
| 546 |
|
|
|a Res. slov., nem. a angl.
|
| 650 |
0 |
7 |
|a hydraulické mechanizmy
|2 SNKPH
|9 68067
|
| 650 |
0 |
7 |
|a hydraulické prevody
|2 SNKPH
|9 67637
|
| 650 |
0 |
7 |
|a pracovné mobilné stroje
|2 SNKPH
|9 319253
|
| 650 |
0 |
7 |
|a Hydraulic mechanisms
|2 SNKPHeng
|9 319254
|
| 650 |
0 |
7 |
|a Hydraulic gearings
|2 SNKPHeng
|9 319255
|
| 655 |
|
7 |
|a učebné pomôcky
|2 SNKPH
|9 70567
|
| 655 |
|
7 |
|a Teaching aids
|2 SNKPHeng
|9 315691
|
| 700 |
1 |
|
|a Holík, Ján
|4 aut
|9 15057
|
| 919 |
|
|
|a 978-80-228-1966-4
|
| 958 |
|
|
|a NB
|
| 958 |
|
|
|a OND
|
| 968 |
|
|
|d 62
|
| 999 |
|
|
|c 571683
|d 573613
|
| 952 |
|
|
|a SNK
|b SNK
|y PREZ
|7 0
|p 17A0618732
|o snkSC 135208
|i snk2009/6722
|8 0
|0 0
|1 0
|4 0
|d 2009-04-06
|l 0
|r 2025-07-01 00:00:00
|w 2026-02-23
|
| 952 |
|
|
|a SNK
|b SNK
|y VYP
|7 0
|p 17A0618731
|o snkSC 135208 D1
|i snk2009/6723
|8 0
|0 0
|1 0
|4 0
|d 2009-04-06
|f 1
|l 0
|r 2026-02-23 14:19:21
|w 2026-02-23
|